Normal view
MARC view
- استعلامات قانونية - نظام حوسبة
Entry Topical Term
001 - CONTROL NUMBER
- control field: 58302
003 - CONTROL NUMBER IDENTIFIER
- control field: JO-AjAnu
005 - DATE AND TIME OF LATEST TRANSACTION
- control field: 20230606083536.0
008 - FIXED-LENGTH DATA ELEMENTS
- fixed length control field: 230606|| aca||aabn | a|a d
040 ## - CATALOGING SOURCE
- Original cataloging agency: JO-AjAnu
- Transcribing agency: JO-AjAnu
150 ## - HEADING--TOPICAL TERM
- Topical term or geographic name entry element: استعلامات قانونية - نظام حوسبة
670 ## - SOURCE DATA FOUND
- Source citation: Work cat.: (JO-AjAnu)29742: اعداد لبنى مصطفى المومني؛ اشراف باجس الجنيدي, author 58301, استعلامات قانونية